00621nam a2200205Ia 4500003000900000008004100009040001300050040001300063041000800076100002300084245003600107250001200143260000800155260000900163300001000172490000700182942000700189999001700196952020200213IT-RoPAU120407s9999 xx 000 0 und d aIT-RoPAU cIT-RoPAU aita aGiuseppe Barbaglio aSchede bibliche pastorali (A-B) aBologna aEDB c1982 c24 cm v18 cBK c23161d23161 00102ddc406220_300000000000000_2371aPAULUSbPAULUSd2012-04-11l0o220.3.23r2012-04-11 00:00:00w2012-04-11yBKzInserito da: Carla In data: 24 ottobre 2011 fondo: Via A.Severo 56 Progr:32292